00692nam a2200205 a 4500001001000000003000900010005001700019007000300036008004100039040002500080049000900105082000700114100003500121245010000156260006800256300003400324942001400358952009700372999001700469000026673DO-SdBNP20220930102000.0ta110324s1939 dr ab 000 0 spa d aDO-SdBNPbspacBNPHU aBNPD 42221 aInchaustegui, J. Marino95379310aGeografía descriptiva de la República Dominicana :bquinto curso /cJ. Marino Inchaustegui. aSantiago, República Dominicana :bEditorial el Diario,c1939. a106 p. :bil., map. ;c22 cm. 2ddccLBS1 00102ddc51708PDaBNPHUbBNPHUcCTd2011-03-24o p26673-10r2020-06-25w2020-06-25yLBS1 c26165d26165